| 000 | 01158pab a2200133 454500 | ||
|---|---|---|---|
| 008 | 180718b xxu||||| |||| 00| 0 eng d | ||
| 100 | _aFox Charles J. | ||
| 245 | _aWhat do we mean when we say "Professionalism"?: a language usage analysis for public adminstration | ||
| 362 | _a22(1), Mar 1992, p.1-17 | ||
| 520 | _aThis paper analyses use of the term professionalism in public administration by language usage analysis - an interpretive methodology. It begins by arguing against state interpret of professionalism implied by the sociological model. It then explores various meaning of professionalism by using a series of antinomies: Professional - laity, professional amateur, achievement ascription, and professionals as new class in opposition to other classes. Each antinomy reveals meaning of professionalism that public administrators should avoid or embrace in their quest to make public administration a widely recognised profession. Conduding remarks suggest a particular definition of professionalism appropriate to public ad | ||
| 650 | _aPublic Administration -- Professions | ||
| 773 | _aAmerican Review of Public Administration | ||
| 909 | _a27559 | ||
| 999 |
_c27559 _d27559 |
||